• 首页
  • 本馆介绍
  • 公告通知
  • 最新文献
  • 馆藏检索
  • 电子资源
  • 读者导购
  • 参考咨询
  • 我的图书馆
  • 登录
  • 详细信息显示
  • 放入我的书架
  • 预约/预借图书
  • 作者相关作品
  • 分类相关作品
  • 丛书相关作品
  • 出版社相关作品

书目信息

  • 表格格式
  • 工作单格式
  • 卡片格式
题名:
保健食品安全与检测
    
 
作者: 陈波 编著
分册:  
出版信息: 北京   科学出版社  2017.06
页数: 284页
开本: 24cm
丛书名:
单 册:
中图分类: TS218
科图分类:
主题词: 疗效食品--食品安全--检测
电子资源:
ISBN: 978-7-03-053465-1
000 01106nam0 2200241 450
001 4383
005 20181011111629.17
010    @a978-7-03-053465-1@dCNY118.00
100    @a20170905d2017 em y0chiy50 ea
101 0  @achi
102    @aCN@b110000
105    @aa z 000yy
200 1  @a保健食品安全与检测@9bao jian shi pin an quan yu jian ce@f陈波等编著
210    @a北京@c科学出版社@d2017.06
215    @a284页@c图@d24cm
312    @a封面英文题名:Health foods: safety and detection
330    @a本书针对保健食品中的安全问题,从危害因子辨识和检测的角度论述了相关内容和方法。其中,绪论(第1章)介绍了保健食品概念及保障其安全的相关法规。后续章节分别介绍了造成安全问题的危害因子及相关的检测方法,具体安排如下:涉及保健食品安全的危害因子(第2章)、危害因子色谱法检测(第3章)、危害因子原子光谱检测(第4章)、危害因子质谱检测(第5章)、危害因子快速筛查技术(第6章)、保健食品安全监控发展趋势(第7章)。
510 1  @aHealth foods: safety and detection@zeng
606 0  @a疗效食品@x食品安全@x检测
690    @aTS218@v5
701  0 @a陈波@9chen bo@4编著
801  0 @aCN@b91MARC@c20170905
905    @aMuseLib@dTS218@e289
    
    保健食品安全与检测/陈波等编著.-北京:科学出版社,2017.06
    284页:图;24cm
    
    
    ISBN 978-7-03-053465-1:CNY118.00
    本书针对保健食品中的安全问题,从危害因子辨识和检测的角度论述了相关内容和方法。其中,绪论(第1章)介绍了保健食品概念及保障其安全的相关法规。后续章节分别介绍了造成安全问题的危害因子及相关的检测方法,具体安排如下:涉及保健食品安全的危害因子(第2章)、危害因子色谱法检测(第3章)、危害因子原子光谱检测(第4章)、危害因子质谱检测(第5章)、危害因子快速筛查技术(第6章)、保健食品安全监控发展趋势(第7章)。
●
相关链接 在E读中查询图书 在五车中查询图书 在当当中查询图书 在豆瓣中查询图书


正题名:保健食品安全与检测     索取号:TS218/289         预约/预借

序号 登录号 条形码 馆藏地/架位号 状态 备注
1 1124893   211248933   第二样本阅览室/ [索取号:TS218/289] 在馆    
2 1124894   211248942   第三借阅区/ [索取号:TS218/289] 在馆    
3 1124895   211248951   第三借阅区/ [索取号:TS218/289] 在馆    
4 1124896   211248960   密集书库-生命科学系/ [索取号:TS218/289] 在馆    
唐山师范学院图书馆 欢迎您!
大连网信软件有限公司© 版权所有